00843nam a2200205 450000100060000000300080000600500170001400800410003103500190007204000260009104100080011708200270012510000940015224502130024626000600045930000090051950000110052850500720053965000260061182050BD-RjUL20231004154938.0231004s1952 ir ||||| |||| 00| 0 ira d a(BD-RjUL)82050 aBD-RjULbengcBD-RjUL aeng 223a297.1225bMAK 195210a ميبدي٫ ابوالفضل رشيد الدين ;; Maybdi, Abu al-Fadl Rashid al-Din /10aكشف الأسرار وعدة الأبرار ;; Kashf al-Asrar, Waadat al-Abrar /bمعروف بتفسير خواجه عبدالله انصاريcRashiduddin Maybadi ;; رشيد الدين ميبدي  aتهران :bانتشارات دانشگاه،, c1952 av. ; aنهم aVol.6ششم .--sura mariam _+ nur.--v.9نهم. shura ---Hadid.-- aquranvInterpretation